Pays, Capitales et Monnaies d'Océanie Quiz - Statistiques

Statistiques générales
  • Ce quiz a été pris 20 fois
  • Le résultat moyen est 9 sur 14
Statistiques - réponses
Pays Capitale Monnaie Réponse % Correct
Australie Canberra ? Dollar Australien
100%
Nouvelle-Zélande ? Dollar Néo-Zélandais Wellington
94%
? Port-Vila Vatu Vanuatu
81%
? Tarawa-Sud Dollar Australien Kiribati
75%
? Apia Tala Samoa
69%
? Nuku'Alofa Pa'Anga Tonga
69%
Fidji ? Dollar des Fidji Suva
63%
Nauru ? Dollar Américain Yaren
63%
États Fédérés de Micronésie Palikir ? Dollar Américain
56%
Îles Marshall ? Dollar Américain Majuro
56%
? Ngerulmud Dollar Américain Palaos
56%
Tuvalu ? Dollar Tuvaluan Funafuti
50%
Ppouasie-Nouvelle-Guinée Port Moresby ? Kina
13%
Îles Salomon Honiara ? Dollar des Îles Salomon
6%
Aucun quiz correspondant
Distribution des résultats
% des personnes avec chaque résultat
Percentile par nombre de réponses
Votre historique - résultats
Vous n’avez pas pris ce quiz